| 000 | 00636nam a2200253Ia 4500 | ||
|---|---|---|---|
| 003 | OSt | ||
| 005 | 20221005044030.0 | ||
| 006 | a|||||r|||| 00| 0 | ||
| 007 | ta | ||
| 008 | 221004b |||||||| |||| 00| 0 eng d | ||
| 020 | _a0824821858 | ||
| 024 | _a72729 | ||
| 037 | _cTextual | ||
| 040 |
_aCRL _cCRL _beng |
||
| 041 |
_2eng _aeng |
||
| 082 | _aQ4:2, P3 | ||
| 100 | _aChung Bongkil | ||
| 245 | 0 | _aScriptures of won buddhism | |
| 260 |
_aHonolulu _bUniversity of Hawai' i Press _c2003 |
||
| 300 |
_a413p _ccm. |
||
| 650 | _aRELIGION | ||
| 942 |
_hQ4:2, P3 _cTEXL _2cc |
||
| 999 |
_c952778 _d952778 |
||